Михаил Александрович; Любовь великого князя: исторический роман

Bibliographic Details
Main Author: Кузнецов В. В. Виктор Васильевич
Summary:О жизни и судьбе великого князя Михаила Александровича (1878—1918), младшего брата последнего российского императора Николая II, рассказывает новый роман современного писателя-историка В. Кузнецова.
Language:Russian
Published: Москва, АСТ, 2005
Series:Романовы. Судьбы в романах
Subjects:
Format: Book
KOHA link:https://koha.lib.tpu.ru/cgi-bin/koha/opac-detail.pl?biblionumber=98454

MARC

LEADER 00000nam0a2200000 4500
001 98454
005 20231031111331.0
010 |a 5170291973 
035 |a (RuTPU)RU\TPU\book\105539 
090 |a 98454 
100 |a 20060620d2005 m y0rusy50 ca 
101 0 |a rus 
102 |a RU 
105 |a c z 000ab 
200 1 |a Михаил Александрович  |a Любовь великого князя  |e исторический роман  |f В. В. Кузнецов 
210 |a Москва  |c АСТ  |d 2005 
215 |a 511 с.  |c портр. 
225 1 |a Романовы. Судьбы в романах 
330 |a О жизни и судьбе великого князя Михаила Александровича (1878—1918), младшего брата последнего российского императора Николая II, рассказывает новый роман современного писателя-историка В. Кузнецова. 
600 0 |a Михаил Александрович  |c великий князь  |f 1878-1918  |2 stltpush  |3 (RuTPU)RU\TPU\pers\18516 
610 1 |a исторические романы 
610 1 |a Россия 
675 |a Р2  |v 3 
700 1 |a Кузнецов  |b В. В.  |g Виктор Васильевич 
801 1 |a RU  |b 63413507  |c 20060620  |g PSBO 
801 2 |a RU  |b 63413507  |c 20061219  |g PSBO 
942 |c BK 
959 |a 57/20060619  |d 1  |e 167,75  |f ХФ:1